000 00664nam a22002297a 4500
001 6767
003 FISKH
005 20250527092634.0
008 250527b cb ||||| |||| 00| 0 eng d
020 _a9780385737296
040 _aFISKH
_beng
_cFISKH
_dFISKH
050 _aPZ7.S873 R
082 _a823.92
100 _aStojic, Manya
245 _aRain /
_cWrittten and illustrated by Manya Stojic
260 _aNew York :
_bDragon fly Book,
_c2000.
505 _aNP
520 _aThe animals of the African savanna use their senses to predict and then enjoy the rain.
650 _aAfrica Animals
_vPicture Book
942 _2ddc
_cBK
_n0
999 _c6767
_d6767